ECU - nástroj měnové stability

Činnosť Európskeho menového systému od r. 1979. Základný prvok EMS je európska menová jednotka ECU (European Currency Unit). Odvodenie hodnoty ECU. Vyjadrovanie hodnoty ECU v národných menách v členských krajinách. Oblasti využívania v národných menách v členských krajinách. Oblasti využívania ECU a...

Description complète

Enregistré dans:
Détails bibliographiques
Auteur principal: Marková, Jana
Format: Chapitre de livre
Langue:tchèque
Sujets:
Tags: Ajouter un tag
Pas de tags, Soyez le premier à ajouter un tag!

MARC

LEADER 00000naa a2200000 4500
001 r013333
005 20221205075542.1
041 0 |a cze 
044 |a CZ 
245 1 0 |a ECU - nástroj měnové stability  |c Jana Marková 
520 |a Činnosť Európskeho menového systému od r. 1979. Základný prvok EMS je európska menová jednotka ECU (European Currency Unit). Odvodenie hodnoty ECU. Vyjadrovanie hodnoty ECU v národných menách v členských krajinách. Oblasti využívania v národných menách v členských krajinách. Oblasti využívania ECU ako platobného prostriedku. Pravidelná obnova výšky emitovaných ECU. Závislosť emisie na cenách zlata a kurzu USD. Vplyv uzavretia dohody v Maastrichte na zvyšovanie emisie ECU. Využitie ECU ako medzinárodnej obchodnej meny. 
610 2 0 |a ECU 
610 2 0 |a stabilita meny 
610 2 0 |a emisia 
610 2 0 |a Európske spoločenstvá 
610 2 0 |a trh euromenový 
610 2 0 |a Európsky menový systém 
100 1 |a Marková, Jana